Statistics for Countries With the Highest Percentage of Electric Cars

Click here to take the quiz!

General Stats

  • This quiz has been taken 94 times
  • The average score is 13 of 15

Answer Stats

HintAnswer% Correct
10,7%United Kingdom
96%
13,5%Germany
94%
11,3%France
92%
32,2%Sweden
90%
74,8%Norway
89%
9,5%Austria
87%
10,7%Belgium
87%
18%Finland
86%
14,3%Switzerland
86%
16,4%Denmark
83%
25%Netherlands
83%
7,4%Ireland
80%
11,4%Luxembourg
74%
45%Iceland
70%
13,5%Portugal
52%

Score Distribution

Percentile by Number Answered

Percent of People with Each Score

Your Score History

You have not taken this quiz